000 00327nam a22001457a 4500
008 210428b ||||| |||| 00| 0 eng d
020 _a9781890504014
041 _aeng
080 _a82
082 _a82
100 _a21
101 _aGJL
245 _aSilver Linings The Other Side of Cancer
_cGullo,S.M
942 _2udc
_cBK
999 _c56914
_d56914